Statistiken für Medias in Res Vok 17

Klicken Sie hier um das Quiz zu spielen!

Allgemein

  • Dieses Quiz wurde 515 mal gespielt
    (382 seit der letzten Aktualisierung)
  • Das Durchschnittsergebnis liegt bei 66 aus 93

Antwortstatistiken

HintÜbs / 2. Fall / GeschlechtAntwort% Korrekt
antiquus/a/umÜbsalt
92%
litteraÜbsBuchstabe, Pl.: Wissenschaft, Brief
91%
oratorÜbsRedner
91%
genusf.
89%
Gen.litterae
89%
ireÜbsgehen
87%
provinciaÜbsProvinz
85%
oratioÜbsRede
85%
senatorÜbsSenator
85%
consulÜbsKonsul
84%
genusm.
84%
nobilitasÜbsAdel
83%
1. P.fero
83%
ferreÜbstragen, bringen, ertragen
83%
genusf.
81%
Gen.oratoris
81%
genusm.
80%
Gen.provinciae
80%
res publicaÜbsStaat
80%
exiliumÜbsExil, Verbannung
79%
genusf.
79%
genusf.
79%
Gen.iuvenis
79%
iusÜbsRecht
79%
Gen.senatoris
79%
genusf.
78%
genusf.
78%
exireÜbshinausgehen
78%
Gen.iustitiae
78%
genusm.
78%
genusm.
78%
convocareÜbszusammenrufen
78%
genusm.
77%
Gen.nobilitatis
77%
Gen.rei publicae
77%
priusquamÜbsbevor
76%
1. P.eo
76%
Perfektii
76%
Gen.incolae
76%
Gen.consulis
75%
genusf.
75%
genusn.
75%
Gen.orationis
75%
divitiaeÜbsReichtum
75%
1. P.studeo
75%
sociusÜbsGefährte
74%
genusn.
74%
incolaÜbsBewohner, Einwohner
73%
Gen.exilii
73%
iustitiaÜbsGerechtigkeit
73%
genusm.
73%
Perfekttuli
73%
1. P.convoco
72%
sponte mea (tua/sua)Übsfreiwillig
72%
+ Fall ?Dat.
71%
Gen.socii
71%
iuvenisÜbsjunger Mann
70%
studereÜbssich bemühen (um), streben (nach)
70%
Perfektstudui
70%
fereÜbsungefähr, fast
70%
Perfektconvocavi
69%
genusn.
68%
1. P.cogo
67%
Gen.iudicii
67%
Gen.divitiarum
66%
1. P.exeo
66%
Perfektexii
66%
PPPconvocatum
64%
PPPitum
64%
1. P.iubeo
64%
PPPlatum
64%
PPPexitum
63%
1. P.comprehendo
62%
Perfektcoegi
60%
iubereÜbsbefehlen, lassen (+ Inf.)
59%
+ Fall ?Akk.
58%
Perfektcomprehendi
58%
Gen.iuris
58%
iudiciumÜbsUrteil
57%
cogereÜbs(ver)sammeln, zwingen
55%
comprehendereÜbsergreifen, erfassen
53%
adireÜbshingehen, sich wenden an, angreifen
53%
1. P.adeo
51%
Perfektadii
51%
PPPcomprehensum
51%
PPPaditum
50%
Perfektaffeci
50%
1. P.afficio
50%
PPPcoactum
50%
Perfektiussi
50%
PPPaffectum
49%
PPPiussum
49%
afficereÜbserfüllen, versehen (mit)
38%

Verteilung der Resultate

Perzentil nach korrekt beantworteten Fragen

Anzahl Personen mit jedem Resultat

Ihre Resultats-Entwicklung

Sie haben dieses Quiz seit der letzten Aktualisierung nicht gespielt